000 00451nmm a2200157Ia 4500
008 251105s9999||||xx |||||||||||||||||und||
020 _a9789586485975
041 _aspa
100 _aMantilla, Samuel
245 0 _aContabilidad a valor razonable
264 _a[Bogotá, Colombia] :
_bEcoe Ediciones,
_c2009
300 _a262 páginas
650 _aEconomics and Business
856 _uhttps://public.digitaliapublishing.com/a/70465
942 _cCF
999 _c95273
_d95273